Consciouness and society: the reorientation of european social thought, 1890-1930

Gorde:
Xehetasun bibliografikoak
Egile nagusia: Hughes, H. Stuart (Egilea)
Formatua: Liburua
Hizkuntza:ingelesa
Argitaratua: Nueva York Random House 1977
Edizioa:1a. ed
Gaiak:
Etiketak: Etiketa erantsi
Etiketarik gabe, Izan zaitez lehena erregistro honi etiketa jartzen!

MARC

LEADER 00000cam a2200000 a 4500
001 UCC5054
003 CL-VaPUC
008 180913e19770000us |||||||||||||||||eng|d
082 0 4 |a 301.01  |b HUG  |2 21 
100 0 |a Hughes, H. Stuart  |e author  |9 599355 
245 1 0 |a Consciouness and society: the reorientation of european social thought, 1890-1930 
250 |a 1a. ed 
300 |a 433 p 
942 |c BK 
945 |d 20180913 22:58:00  |a dcastane 
260 |a Nueva York  |b Random House  |c 1977 
650 0 |a Filosofía de las ciencias sociales  |9 268057 
650 0 |a Vida intelectual  |9 265379 
583 |a last modification  |c 20180913 22:58:00  |k Rodrigo Vera 
999 |c 372394  |d 372392 
952 |0 0  |1 0  |3 erb  |4 0  |6 301_010000000000000_HUG_1977  |7 0  |8 A  |9 490034  |a BIBHIS  |b BIBHIS  |i 5501539  |o 301.01 HUG 1977  |p 5501539  |r 2025-01-20  |w 2019-11-24  |y BK  |z Catalogado en:20180913  |k HIS